Novíssim diccionari català-castellà (Record no. 165951)

MARC details
000 -LEADER
campo de control de longitud fija 00631nam a2200157 i 4500
001 - NÚMERO DE CONTROL
campo de control 165951
003 - IDENTIFICADOR DE NÚMERO DE CONTROL
campo de control ES-MaACL
005 - FECHA Y HORA DE LA ÚLTIMA TRANSACCIÓN
campo de control 20230906213232.0
008 - DATOS DE LONGITUD FIJA--INFORMACIÓN GENERAL
campo de control de longitud fija 171226s1921 sp | |||||||| ||cat d
100 1# - ENTRADA PRINCIPAL--NOMBRE DE PERSONA
Nombre de persona Rius Vidal, A. de.
9 (RLIN) 163966
245 10 - MENCIÓN DEL TÍTULO
Título Novíssim diccionari català-castellà
Resto del título : el primer que s'ha adaptat a les normes ortogràfiques de l'Institut d'Estudis Catalans, i escrit davant dels més perfets diccionaris /
Mención de responsabilidad, etc. por A. de Rius Vidal.
260 ## - PUBLICACIÓN, DISTRIBUCIÓN, ETC.
Lugar de publicación, distribución, etc. Barcelona :
Nombre del editor, distribuidor, etc. Salvador Bonavia,
Fecha de publicación, distribución, etc. 1921.
300 ## - DESCRIPCIÓN FÍSICA
Extensión 252 p. ;
Dimensiones 12 cm.
650 #4 - PUNTO DE ACCESO ADICIONAL DE MATERIA--TÉRMINO DE MATERIA
Término de materia o nombre geográfico como elemento de entrada Lengua catalana-
Subdivisión de forma Diccionarios-
Subdivisión general Español.
9 (RLIN) 14103
852 ## - LOCALIZACIÓN
Ubicación ES-MaACL
Número de control de estantería D-2320
Holdings
Estatus retirado Estado de pérdida Estado de daño No para préstamo Biblioteca de origen Biblioteca actual Ubicación en estantería Fecha de adquisición Fuente de adquisición Total de préstamos Signatura topográfica completa Código de barras Visto por última vez Precio de reemplazo Tipo de ítem Koha
        Biblioteca del Ateneo de Madrid Biblioteca del Ateneo de Madrid Sala Valle Inclán 26/12/2017     D-2320 901198221 23/02/2023 23/02/2023 Libro impreso